| Поле | Название | Значение |
| |
Тип записи |
a |
| |
Библиографический уровень |
m |
| 001 |
Контрольный номер |
SKBR/19dc8fe9-45a5-49d3-8d3c-8385f9eb15f1 |
| 005 |
Дата корректировки |
20260427151440.0 |
| 010 |
Индекс ISBN |
__ |
| a |
ISBN |
978-5-04-106963-6 |
| d |
Цена |
613.80 р. |
| 035 |
Другие системные номера |
__ |
| a |
Идентификатор записи |
RU/Оренбургская ОПДБ/KNIGI/84(4Вел)/М 23-998659613 |
| 100 |
Данные общей обработки |
__ |
| a |
Данные общей обработки |
20250520d2025 ed y0rusy0250 |
| 101 |
Язык документа |
0_ |
| a |
Язык текста |
rus |
| 102 |
Страна публикации |
__ |
| a |
Страна публикации |
RU |
| 105 |
Кодированные данные (монография) |
__ |
| a |
Кодированные данные (монография) |
a z 000ay |
| 181 |
Поле кодированных данных: вид содержания |
_0 |
| a |
Код вида содержания (ISBD) |
i |
| 182 |
Поле кодированных данных: тип средства |
_0 |
| a |
Код типа средства (ISBD) |
n |
| 200 |
Заглавие и сведения об ответственности |
1_ |
| a |
Заглавие |
Вкусное заклинание |
| e |
Сведения, относящиеся к заглавию |
[для младшего школьного возраста] |
| f |
Первые сведения об ответственности |
автор, художник Г. Манкастер |
| g |
Последующие сведения об ответственности |
перевод с английского Д. Ю. Кузнецовой |
| 203 |
Вид содержания и тип средства |
__ |
| c |
Тип средства |
непосредственный |
| a |
Вид содержания |
Текст |
| 210 |
Выходные данные |
1_ |
| a |
Место издания |
Москва |
| c |
Издательство |
Эксмо |
| d |
Дата издания |
2025 |
| 215 |
Физическое описание |
__ |
| a |
Объем |
136, [4] с. |
| c |
Иллюстрации/тип воспроизводства |
ил. |
| 225 |
Серия |
2_ |
| a |
Серия |
Изадора Мун. Приключения очень необычной девочки |
| 330 |
Аннотация |
__ |
| a |
Аннотация |
Отправиться в гости с ночевкой - Изадора так мечтала об этом! И вот ее подруга Зоуи пригласила ее на пижамную вечеринку! Вместе они будут не только веселиться и играть, но и печь вкусный-превкусный торт! А все потому, что девочки очень хотят выиграть в школьном кулинарном конкурсе. Масло, сахар, крем и… магия — вот рецепт самого грандиозного торта в мире! Но честно ли использовать волшебство, если другие ребята все делают сами? Изадора в этом совсем не уверена. С другой стороны, Зоуи ужасно расстроится, если они не выиграют… Как же теперь быть? |
| 333 |
Примечание о целевом назначении |
__ |
| a |
Примечание о целевом назначении |
информационная продукция для детей, достигших возраста шести лет |
| 333 |
Примечание о целевом назначении |
__ |
| a |
Примечание о целевом назначении |
для юношества, возраст 14-20 лет |
| 333 |
Примечание о целевом назначении |
__ |
| a |
Примечание о целевом назначении |
для детей среднего возраста, 9-14 лет |
| 606 |
Тематические рубрики |
__ |
| a |
Основная рубрика |
Художественная литература |
| x |
Основная подрубрика |
Произведения литературы отдельных зарубежных стран |
| y |
Географическая подрубрика |
Великобритания |
| 610 |
Ключевые слова |
1_ |
| a |
Ключевые слова |
фэнтези |
| 610 |
Ключевые слова |
1_ |
| a |
Ключевые слова |
магия |
| 610 |
Ключевые слова |
1_ |
| a |
Ключевые слова |
торты |
| 610 |
Ключевые слова |
1_ |
| a |
Ключевые слова |
вечеринки |
| 686 |
Индексы других классификаций |
__ |
| 2 |
Код системы |
rubbk |
| a |
Классификационный индекс |
84(4Вел) |
| 686 |
Индексы других классификаций |
__ |
| 2 |
Код системы |
rugasnti |
| a |
Классификационный индекс |
17.82.31 |
| 700 |
Автор |
_1 |
| a |
Фамилия |
Манкастер |
| b |
Имя |
Г. |
| g |
Полное личное имя |
Гарриет |
| 4 |
Код отношения |
070 |
| 4 |
Код отношения |
440 |
| 702 |
Вторичная интеллектуальная ответственность |
_1 |
| a |
Фамилия |
Кузнецова |
| b |
Имя |
Д. Ю. |
| 4 |
Код отношения |
730 |
| 801 |
Источник записи |
_0 |
| b |
Организация |
Оренбургская ОПДБ |
| a |
Страна |
RU |
| c |
Дата составления |
20250520 |
| 801 |
Источник записи |
_1 |
| b |
Организация |
Оренбургская ОПДБ |
| a |
Страна |
RU |
| c |
Дата составления |
20250528 |
| 901 |
Тип документа |
__ |
| a |
Ответственный |
заим. |